00444 2200169 4500001002100000008004100021035002000062245005200082100002000134260002400154300001200178020001800190084001400208082000800222650002500230990001900255INLIS000000000001121 ind  a0010-0724001121 aApa Ini Apa Itu? Dunia InternetcRahayu Wardani aWardani, Rahayu aSurabayabSICc2010 a52 hlm. a979.9926.40.9 a678 RAH a a678 aProduksi Elastometer aP29/CP/24/1121